<?xml version="1.0" encoding="UTF-8"?>
<marc:record xmlns:marc="http://www.loc.gov/MARC21/slim">
   <marc:leader>00000nam a2200000 a 4500</marc:leader>
   <marc:datafield ind1="1" ind2=" " tag="100">
      <marc:subfield code="a">McFadden, Freida</marc:subfield>
      <marc:subfield code="4">aut</marc:subfield>
      <marc:subfield code="e">Verfasser/-in</marc:subfield>
   </marc:datafield>
   <marc:datafield ind1="1" ind2=" " tag="100">
      <marc:subfield code="a">Gravert, Astrid</marc:subfield>
   </marc:datafield>
   <marc:datafield ind1=" " ind2=" " tag="653">
      <marc:subfield code="a">Thriller</marc:subfield>
   </marc:datafield>
   <marc:datafield ind1="0" ind2="0" tag="245">
      <marc:subfield code="a">Sie kann dich hören</marc:subfield>
   </marc:datafield>
   <marc:datafield ind1="0" ind2="0" tag="245">
      <marc:subfield code="b">Thriller</marc:subfield>
   </marc:datafield>
   <marc:datafield ind1="0" ind2="0" tag="245">
      <marc:subfield code="c">McFadden, Freida</marc:subfield>
   </marc:datafield>
   <marc:datafield ind1=" " ind2="1" tag="264">
      <marc:subfield code="a">München</marc:subfield>
      <marc:subfield code="b">Wilhelm Heyne Verlag</marc:subfield>
      <marc:subfield code="c">2024</marc:subfield>
   </marc:datafield>
   <marc:datafield ind1="1" ind2=" " tag="490">
      <marc:subfield code="a">The Housemaid</marc:subfield>
      <marc:subfield code="v">Band 2</marc:subfield>
   </marc:datafield>
   <marc:datafield ind1=" " ind2=" " tag="250">
      <marc:subfield code="a">Deutsche Erstausgabe</marc:subfield>
   </marc:datafield>
   <marc:datafield ind1="1" ind2=" " tag="520">
      <marc:subfield code="a">Du kannst sie nicht sehen. Aber sie kann dich hören. Und ehe du es begreifst, hat das tödliche Spiel längst begonnen&#xD;
&#xD;
Millie Calloway hat einen neuen Job. Um sich ihr Studium zu finanzieren, hilft sie einem reichen Paar aus Manhattan im Haushalt. Ihr Arbeitgeber Douglas Garrick wirkt nett, und zum Glück stellt er ihr nicht zu viele Fragen zu ihrer Vergangenheit. Doch warum darf Millie nicht mit seiner Frau Wendy sprechen? Was bedeuten das Weinen, das sie aus dem verschlossenen Zimmer hört, und die Blutflecke auf Wendys Kleidung? Ist Douglas in Wahrheit nicht der fürsorgliche Ehemann, der er vorgibt zu sein? Millie weiß nur eins: Sie muss Wendy helfen. Auch wenn sie damit riskiert, dass ihr dunkelstes Geheimnis doch noch ans Licht kommt.&#xD;
Die Housemaid-Reihe:&#xD;
* Wenn sie wüsste - The Housemaid&#xD;
* Sie kann dich hören - The Housemaid's Secret&#xD;
* Sie wird dich finden - The Housemaid Is Watching&#xD;
Jeder Teil ist auch einzeln lesbar.</marc:subfield>
   </marc:datafield>
   <marc:datafield ind1=" " ind2=" " tag="020">
      <marc:subfield code="a">9783453274662</marc:subfield>
      <marc:subfield code="9">9783453274662</marc:subfield>
   </marc:datafield>
   <marc:datafield ind1=" " ind2=" " tag="020">
      <marc:subfield code="a">3453274660</marc:subfield>
      <marc:subfield code="9">3453274660</marc:subfield>
   </marc:datafield>
   <marc:datafield ind1=" " ind2=" " tag="041">
      <marc:subfield code="a">ger</marc:subfield>
   </marc:datafield>
   <marc:datafield ind1="0" ind2=" " tag="490">
      <marc:subfield code="v">Band 2</marc:subfield>
   </marc:datafield>
   <marc:datafield ind1=" " ind2=" " tag="338">
      <marc:subfield code="a">Band</marc:subfield>
   </marc:datafield>
   <marc:datafield ind1=" " ind2=" " tag="300">
      <marc:subfield code="a">364 Seiten</marc:subfield>
   </marc:datafield>
</marc:record>
